La fabrication du droit Acte 4. Le poisson visqueux de Spinoza (notice n° 1634640)

détails MARC
000 -LEADER
fixed length control field 01026cam a2200217 4500500
005 - DATE AND TIME OF LATEST TRANSACTION
control field 20260111132235.0
041 ## - LANGUAGE CODE
Language code of text/sound track or separate title fre
042 ## - AUTHENTICATION CODE
Authentication code dc
100 10 - MAIN ENTRY--PERSONAL NAME
Personal name Behloul, Salim
Relator term author
245 00 - TITLE STATEMENT
Title La fabrication du droit Acte 4. Le poisson visqueux de Spinoza
260 ## - PUBLICATION, DISTRIBUTION, ETC.
Date of publication, distribution, etc. 2025.<br/>
500 ## - GENERAL NOTE
General note 47
520 ## - SUMMARY, ETC.
Summary, etc. Misères et grandeurs de 1789. Dans le préambule de 1789 s’entrechoquent idéologies du xviiie siècle, analyses du droit (appliqué/applicable ?) et ripostes étudiantes en travail social, entre ironie et principes de réalité. Balade dans le jardin du droit naturel des humains, entre imagination, bonheur pour tous, et les loups dans la bergerie.
690 ## - LOCAL SUBJECT ADDED ENTRY--TOPICAL TERM (OCLC, RLIN)
Topical term or geographic name as entry element ddhc
690 ## - LOCAL SUBJECT ADDED ENTRY--TOPICAL TERM (OCLC, RLIN)
Topical term or geographic name as entry element de 1789
690 ## - LOCAL SUBJECT ADDED ENTRY--TOPICAL TERM (OCLC, RLIN)
Topical term or geographic name as entry element droit<br/>naturel
690 ## - LOCAL SUBJECT ADDED ENTRY--TOPICAL TERM (OCLC, RLIN)
Topical term or geographic name as entry element formation des éducateurs
690 ## - LOCAL SUBJECT ADDED ENTRY--TOPICAL TERM (OCLC, RLIN)
Topical term or geographic name as entry element Histoires
786 0# - DATA SOURCE ENTRY
Note VST - Vie sociale et traitements | 168 | 4 | 2025-12-05 | p. 113-119 | 0396-8669
856 41 - ELECTRONIC LOCATION AND ACCESS
Uniform Resource Identifier <a href="https://shs.cairn.info/revue-vst-vie-sociale-et-traitements-2025-4-page-113?lang=fr&redirect-ssocas=7080">https://shs.cairn.info/revue-vst-vie-sociale-et-traitements-2025-4-page-113?lang=fr&redirect-ssocas=7080</a>

Pas d'exemplaire disponible.

PLUDOC

PLUDOC est la plateforme unique et centralisée de gestion des bibliothèques physiques et numériques de Guinée administré par le CEDUST. Elle est la plus grande base de données de ressources documentaires pour les Étudiants, Enseignants chercheurs et Chercheurs de Guinée.

Adresse

627 919 101/664 919 101

25 boulevard du commerce
Kaloum, Conakry, Guinée

Réseaux sociaux

Powered by Netsen Group @ 2025